000 01182nam0a22003371 4500
001 rc\2181864
005 20221028142506.0
035 _a(NLR Aleph) 006518116
090 _a6400805
_c6400805
100 _a20110826d1979 |||y0rusy50 ca
101 1 _arus
_cnog
102 _aRU
105 _aa z |||a|
200 1 _aМост
_eСтихи и поэма
_eПер. с ногайского
_fКадрия
_g[Худож. В.И. Кочкин]
210 _aМосква
_cСов. писатель
_d1979
215 _a120 с.
_cил.
_d16
327 1 _aСодерж.: Стихотворения; Поэма: Сказание о любви
464 0 _12001#$aСтихотворения$aСказание о любви$eПоэма
686 _aШ5(2=Р)75-657я43
_2rubbk
686 _a84Ног
_2rubbk
686 _aШ5(2=Ног)7-65я44
_2rubbk
700 0 _aКадрия
_cпсевдоним
_f1948-1978
_3RU\NLR\AUTH\770248338
702 1 _aКочкин
_bВ. И.
_4440
801 0 _aRU
_bNLR
_gpsbo
801 1 _aRU
_bELAR
_2rusmarc
852 _aNLR
_j79-2/1551
899 _aRuMoRGB
_jB 79-13/166
899 _aRuMoRGB
_jB 79-13/167
942 _cBOOK
980 _aNB